| 000 | 00997nam a2200301 a 4500 | ||
|---|---|---|---|
| 001 | 37724 | ||
| 003 | BD-RjUL | ||
| 005 | 20211209052636.0 | ||
| 008 | 150325s2011 enk b 001 0 eng d | ||
| 020 | _a9780199279791 (hbk.) | ||
| 020 | _a0199279799 (hbk.) | ||
| 020 | _a9780199588961 (pbk.) : | ||
| 035 | _a(OCoLC)ocn229023757 | ||
| 035 |
_a(UkLCURL)99014691081 _a(BD-RjUL)37828 |
||
| 040 |
_aStDuBDS _beng _cStDuBDS _dBD-RjUL |
||
| 041 | _aeng | ||
| 082 | 0 | 4 |
_a306.6 _223 _bOXF 2011 |
| 245 | 0 | 4 |
_aThe Oxford handbook of the sociology of religion / _cedited by Peter B. Clarke. |
| 260 |
_aOxford ; _aNew York : _bOxford University Press, _c2011. |
||
| 300 |
_axvi, 1046 p. ; _c25 cm. |
||
| 490 | 1 | _aThe Oxford handbooks series | |
| 504 | _aIncludes bibliographical references and index. | ||
| 650 | 0 |
_aReligion and sociology. _9116415 |
|
| 700 | 1 |
_aClarke, Peter B. _q(Peter Bernard), ed. _9116416 |
|
| 830 | 0 |
_aOxford handbooks. _9116420 |
|
| 942 |
_2ddc _cBK |
||
| 999 |
_c37724 _d37724 |
||